Wszystkie miasta A6,S6,DK6 - Statystyki

Ogólne statystyki
  • Ten quiz został rozwiązany 8 razy
  • Średni wynik to 10 z 13
Statystyki odpowiedzi
Województwo Liczba mieszkańców Odpowiedź % Poprawnych
Pomorskie 487 800 Gdańsk
100%
Pomorskie 240 600 Gdynia
100%
Zachodniopomorskie 105 100 Koszalin
100%
Pomorskie 33 900 Lębork
100%
Pomorskie 85 100 Słupsk
100%
Zachodniopomorskie 387 700 Szczecin
100%
Zachodniopomorskie 21 400 Goleniów
86%
Zachodniopomorskie 43 400 Kołobrzeg
86%
Zachodniopomorskie 6700 Sianów
71%
Zachodniopomorskie 15 600 Nowogard
57%
Zachodniopomorskie 11 700 Sławno
57%
Pomorskie 4800 Kobylnica
43%
Zachodniopomorskie 3700 Płoty
43%
Nie znaleziono quizów pasujących do podanych kryteriów
Rozkład punktacji
Procent ludzi z każdym wynikiem
Percentyl według liczby udzielonych odpowiedzi
Twoja historia wyników
Nie rozwiązałeś tego quizu